China : (Record no. 75999)

MARC details
000 -LEADER
fixed length control field 00643nam a22001937a 4500
005 - DATE AND TIME OF LATEST TRANSACTION
control field 20130607151239.0
010 ## - LCCN (DPL NO)
LC control number ENG-107382
020 ## - INTERNATIONAL STANDARD BOOK NUMBER
International Standard Book Number 9788178311869
Terms of availability 650.00
035 ## - SYSTEM CONTROL NUMBER
System control number EN-90915
037 ## - SOURCE OF ACQUISITION
Source of stock number/acquisition DBAD/PUB
082 ## - DEWEY DECIMAL CLASSIFICATION NUMBER
Classification number 338.180951
100 ## - MAIN ENTRY--PERSONAL NAME
Personal name Deepak, B.R.
245 ## - TITLE STATEMENT
Title China :
Statement of responsibility, etc by B.R. Deepak
Remainder of title agriculture, countryside and peasants /
260 ## - PUBLICATION, DISTRIBUTION, ETC. (IMPRINT)
Place of publication, distribution, etc New Delhi
Name of publisher, distributor, etc Manak Publications
Date of publication, distribution, etc 2010
270 ## - ADDRESS
Address B-7,Saraswati Complex, Subhash Chowk, Laxmi Nagar
City New Delhi
Postal code 110092
300 ## - PHYSICAL DESCRIPTION
Extent xviii,181p.:
Dimensions 23cm(Hb)
Other physical details ill.
500 ## - GENERAL NOTE
General note Includes bibliographical references and index
942 ## - ADDED ENTRY ELEMENTS (KOHA)
Source of classification or shelving scheme Dewey Decimal Classification
Item type English Books
Call number suffix DEE
Classification part 338.180951
Holdings
Withdrawn status Lost status Not for loan Collection code Home library Current library Date acquired Source of acquisition Cost, normal purchase price Full call number Barcode Copy number Cost, replacement price Koha item type
    Not For Loan Non-fiction D.B.Act.Division D.B.Act.Division 23/05/2013 DBAD/PUB 650.00 338.180951 DEE EN-90915 1 650.00 English Books

© Delhi Public Library
Hit Counter
free hit counter